Mechanical and spectroscopic characterisation of rubber-metal assemblies (Record no. 62706)

MARC details
000 -LEADER
fixed length control field 00590nam a2200169Ia 4500
100 ## - MAIN ENTRY--AUTHOR NAME
Personal name Prakash N S
245 #0 - TITLE STATEMENT
Title Mechanical and spectroscopic characterisation of rubber-metal assemblies
260 ## - PUBLICATION, DISTRIBUTION, ETC. (IMPRINT)
Name of publisher Natural Rubber: Current Developments in Product Manufacture and Applications: Proceedings of the International Rubber Technology Conferencce, Kuala Lumpur, 1993; p347-357
650 ## - SUBJECT ADDED ENTRY--TOPICAL TERM
Topical Term Rubber
700 ## - ADDED ENTRY--PERSONAL NAME
Personal name Alarcon-Lorca F
700 ## - ADDED ENTRY--PERSONAL NAME
Personal name Charbonnier M
700 ## - ADDED ENTRY--PERSONAL NAME
Personal name Portay S
700 ## - ADDED ENTRY--PERSONAL NAME
Personal name Roche A
700 ## - ADDED ENTRY--PERSONAL NAME
Personal name Romand M
942 ## - ADDED ENTRY ELEMENTS (KOHA)
Koha item type Journals
Holdings
Withdrawn status Lost status Damaged status Not for loan Home library Current library Shelving location Date acquired Koha item type
      Journals RRII Library RRII Library Rubber chemistry 17/12/2021 Journals